Chicago Movies - Statistics

General Stats
  • This quiz has been taken 19 times
  • The average score is 9 of 20
Answer Stats
Year Genre Cast Answer % Correct
1990 Holiday Comedy Macaulay Culkin, Joe Pesci, Daniel Stern Home Alone
94%
1986 Teen Comedy Matthew Broderick, Alan Ruck, Mia Sara Ferris Bueller's Day Off
89%
1992 Sports Comedy Tom Hanks, Geena Davis, Lori Petty A League of Their Own
83%
2002 Musical Comedy Richard Gere, Renee Zellweger, Catherine Zeta-Jones Chicago
83%
1980 Buddy Comedy John Belushi, Dan Aykroyd, Carrie Fisher The Blues Brothers
78%
1993 Conspiracy Thriller Harrison Ford, Tommy Lee Jones, Jeroen Krabbe The Fugitive
78%
1987 Crime Thriller Kevin Costner, Robert DeNiro, Sean Connery The Untouchables
72%
1992 Buddy Comedy Mike Myers, Dana Carvey, Rob Lowe Wayne's World
72%
1983 Teen Comedy Tom Cruise, Rebecca De Mornay, Joe Pantoliano Risky Business
67%
1973 Crime Comedy Paul Newman, Robert Redford, Robert Shaw The Sting
44%
1992 Supernatural Horror Tony Todd, Virginia Madsen, Xander Berkeley Candyman
33%
2000 Romantic Comedy John Cusack, Iben Hjejle, Jack Black High Fidelity
33%
1996 Legal Thriller Richard Gere, Laura Linney, Edward Norton Primal Fear
28%
2002 Crime Thriller Tom Hanks, Tyler Hoechlin, Paul Newman Road to Perdition
28%
1993 Sports Comedy Thomas Ian Nichols, Gary Busey, Albert Hall Rookie of the Year
17%
1994 Sports Documentary William Gates, Arthur Agee, Isiah Thomas Hoop Dreams
11%
2021 Political Drama LaKeith Stanfield, Daniel Kaluuya, Jesse Plemons Judas and the Black Messiah
6%
2018 Crime Thriller Viola Davis, Michelle Rodriguez, Elizabeth Debicki Widows
6%
1988 Action Thriller Steven Seagal, Pam Grier, Sharon Stone Above the Law
0%
1975 Teen Comedy Glynn Turman, Lawrence Hilton-Jacobs, Garrett Morris Cooley High
0%
No matching quizzes found
Score Distribution
Percent of People with Each Score
Percentile by Number Answered
Your Score History
You have not taken this quiz